Daňové priznania ročné zúčtovanie preddavkov na daň bez chýb, pokút a penále

Salvato in:
Dettagli Bibliografici
Autore principale: Bielená, Jana
Altri autori: Brnová, Miroslava, Vidová, Michaela, Kajanovičová, Zita
Natura: Libro
Lingua:slovacco
Pubblicazione: Žilina Poradca 2021
Soggetti:
Tags: Aggiungi Tag
Nessun Tag, puoi essere il primo ad aggiungerne!!

MARC

LEADER 00000nam a2200000 4500
001 0279842
005 20240416114143.7
020 |a 978-80-8162-165-9 
041 0 |a slo 
044 |a SK 
245 1 0 |a Daňové priznania  |b ročné zúčtovanie preddavkov na daň bez chýb, pokút a penále  |c Jana Bielená, Miroslava Brnová, Michaela Vidová, Zita Kajanovičová 
264 1 |a Žilina  |b Poradca  |c 2021 
300 |a 224 s. 
610 2 0 |a dane 
610 2 0 |a priznania daňové 
610 2 0 |a preddavky 
610 2 0 |a zúčtovanie 
610 2 0 |a predpisy právne 
610 2 0 |a zákony 
610 2 0 |a Slovensko 
100 1 |a Bielená, Jana 
700 1 |a Brnová, Miroslava 
700 1 |a Vidová, Michaela 
700 1 |a Kajanovičová, Zita